ui42 všetko pre e-obchod

ui42, s. r. o. poskytujúce služby a produkty potrebné pre podnikanie vo virtuálnom (online, internetovom, elektronickom) prostredí. Pomoc e-obchodom expandovať za hranice. Testovanie použiteľnosti webov, mobilné testovanie - UX. Výkonnostný online marketing. Rozvoj, tržby a zisky podniku ui42, s.r.o...

Descripción completa

Guardado en:
Detalles Bibliográficos
Autor principal: Slávik, Štefan, 1955-
Formato: Capítulo de libro
Lenguaje:eslovaco
Materias:
Etiquetas: Agregar Etiqueta
Sin Etiquetas, Sea el primero en etiquetar este registro!

MARC

LEADER 00000naa$a2200000$$$4500
001 0271412
005 20240502074254.3
041 0 |a slo 
044 |a SK 
245 1 0 |a ui42  |b všetko pre e-obchod  |c Štefan Slávik 
520 |a ui42, s. r. o. poskytujúce služby a produkty potrebné pre podnikanie vo virtuálnom (online, internetovom, elektronickom) prostredí. Pomoc e-obchodom expandovať za hranice. Testovanie použiteľnosti webov, mobilné testovanie - UX. Výkonnostný online marketing. Rozvoj, tržby a zisky podniku ui42, s.r.o.. 
610 2 0 |a marketing 
610 2 0 |a podnikanie 
610 2 0 |a prostredie virtuálne 
100 1 |a Slávik, Štefan, 1955-